| 000 | 01194cam a2200361 i 4500 | ||
|---|---|---|---|
| 001 | 18478564 | ||
| 003 | OSt. | ||
| 005 | 20250730191005.0 | ||
| 008 | 150203s2014 mnu bd 000 0 eng | ||
| 010 | _a 2015372206 | ||
| 020 | _a9780314621306 (deluxe) | ||
| 020 | _a9780314613004 | ||
| 040 |
_aDLC _beng _erda _cDLC |
||
| 042 | _apcc | ||
| 043 | _an-us--- | ||
| 050 | 0 | 0 |
_aREF KF313 _b2004 |
| 245 | 0 | 0 |
_aBlack's law dictionary / _cBryan A. Garner, editor in chief. |
| 246 | 3 | 0 | _aLaw dictionary |
| 250 | _aEighth edition. | ||
| 264 | 1 |
_aSt. Paul, MN : _bThomson Reuters, _c[2004] |
|
| 300 |
_axxxv, 1768 pages ; _c26 cm |
||
| 336 |
_atext _btxt _2rdacontent |
||
| 337 |
_aunmediated _bn _2rdamedia |
||
| 338 |
_avolume _bnc _2rdacarrier |
||
| 504 | _aIncludes bibliographical references (pages 1995-2016). | ||
| 650 | 0 |
_aLaw _zUnited States _vDictionaries. |
|
| 650 | 0 |
_aLaw _vDictionaries. |
|
| 700 | 1 |
_aGarner, Bryan A., _eeditor. |
|
| 700 | 1 |
_aBlack, Henry Campbell, _d1860-1927. _tLaw dictionary. |
|
| 906 |
_a7 _bcbc _corigcop _d2 _encip _f20 _gy-gencatlg |
||
| 942 |
_2lcc _cBK _n0 |
||
| 999 |
_c7220 _d7220 |
||